00407nam a22001457a 450000500170000000800410001702000150005804100130007308200140008610000130010024500840011326000090019730000290020665000260023520231114124100.0231114b |||||||| |||| 00| 0 eng d a0621113484 aEnglish  a347.6 SOU lEnglish  aThe South African Law Commission : Report on the review of the law of evidence  c1986 bxi, 60 pages ; c26 cm.  aLegal practice bLaw